000 00648nam a22002177a 4500
003 UA-OsUOA
001 50530
007 ta
008 20071119b un ||||| |||| 00| 0 ukr d
090 _a81+82(378)(082)
_bН 34
942 _cBK
040 _aUA-OsUOA
_bukr
_cUA-OsUOA
_dUA-OsUOA
245 _aНаукові записки
_cДмитренко П. В., Макаренко О. Л.
300 _a242 с.
955 _a2
041 _aukr
080 _a81+82(378)(082)
260 _aК.
_bНПУ
_c2001
650 7 _a8 Мовознавство. Художня література. Літературознавство
_2UDC
999 _c336640
_d336640